African Cities by Picture Sudden Death - Statistics

General Stats
  • This quiz has been taken 19 times
  • The average score is 3 of 15
Answers on the Grid
Answers color-coded by a green-red scale on the quiz's grid according to % correct below.
 
Answer Stats
Answer % Correct
Abuja, Nigeria
60%
Windhoek, Namibia
50%
Abidjan, Ivory Coast
30%
Victoria, Seychelles
20%
Nouakchott, Mauritania
20%
Sekondi-Takorandi, Ghana
20%
Dodoma, Tanzania
10%
Dar es Salaam, Tanzania
10%
Lome, Togo
10%
Freetown, Sierra Leone
10%
Luanda, Angola
10%
Lusaka, Zambia
10%
Goma, Democratic Republic of Congo
0%
Oran, Algeria
0%
Annaba, Algeria
0%
No matching quizzes found
Score Distribution
Percent of People with Each Score
Percentile by Number Answered
Your Score History
You have not taken this quiz